| 000 | 01393nam a2200349 c 4500 | ||
|---|---|---|---|
| 003 | BLK | ||
| 005 | 20250605164721.0 | ||
| 008 | 180410b bul|||||r ||||||| ||bul|| | ||
| 010 | _aKNG00157891000 | ||
| 020 |
_a978-954-655-344-7 _bиздат.: Бард |
||
| 040 | _aBLK | ||
| 041 |
_aBUL _cBUL |
||
| 072 | 7 |
_2bullib _aН83 _xЧужда художествена литература Н |
|
| 080 |
_aАвстралийска литература _b821.111(94) _x-31 _z821.111(94)-31 |
||
| 100 | 1 |
_aРайли, Матю _eпърви автор _9267372 |
|
| 700 |
_aГеоргиев, Асен Георгиев _cБълг. филолог, прев. от англ. и немски език; гл. ред. на сп. Библиотека _d1953 - _9367673 |
||
| 139 |
_aРайли, Матю _bР 27 |
||
| 245 | 1 | 0 |
_aЛетящ старт _cМатю Райли; прев. Асен Георгиев Георгиев. |
| 257 | _aAUS | ||
| 260 |
_аСофия _bБард _c2012 _fХасково : Полиграф юг |
||
| 300 |
_a443 с. _c20 см |
||
| 380 | _aX | ||
| 490 | 1 | _aКралете на трилъра | |
| 500 | _aОриг. загл.: Hover car racer / Matthew Reilly. | ||
| 659 | _aН | ||
| 852 | _aЦб 263763 | ||
| 856 | 4 |
_qpdf _u |
|
| 856 | 4 |
_qpdf _u |
|
| 942 |
_cKNG _n0 |
||
| 944 |
_aCR _c13.03.2014 _k30540 _lСевдалина Тодорова |
||
| 944 |
_aED _c14.03.2014 _k |
||
| 999 |
_c151490 _d151490 |
||